000 00652nam a22002057a 4500
999 _c8749
_d8749
003 AR-CdUCM
008 190325b ||||| |||| 00| 0 spa d
040 _aMUNICIPALIDAD PROVINCIAL DEL CUSCO
_cBIBLIOTECA MUNICIPAL DEL CUSCO
082 _a839.96 /
_bB59M
100 _aBjörnson, Björnstjerne
_924410
245 _aUn muchacho de buen temple /
260 _aArgentina :
_bEdiciones Orbis,
_c1983.
300 _a142 paginas ;
_c20.5 cm.
500 _aPremio Nobel, 1903.
650 _aNovelas noruegas - Siglo XX
_924411
650 _aAutores noruegos
_924412
650 _aLiteratura - Noruega
_924413
942 _2ddc
_cLIBROS
945 _alccs